Niall Horan Songs - Statistiken

Allgemein
  • Dieses Quiz wurde 119 mal gespielt
  • Das Durchschnittsergebnis liegt bei 15 aus 27
Antwortstatistiken
Album Titel % Korrekt
Flicker
95%
Heartbreak Weather Heartbreak Weather
88%
Black And White
76%
This Town
76%
Slow Hands
71%
Nice To Meet Ya
68%
Still
68%
Put A Little Love On Me
66%
San Francisco
63%
Mirrors
61%
Everywhere
56%
Small Talk
56%
No Judgement
55%
Flicker On The Loose
53%
Paper Houses
51%
Dear Patience
50%
New Angel
48%
The Tide
48%
Too Much To Ask
48%
Bend The Rules
46%
Arms Of A Stranger
45%
On My Own
45%
Seeing Blind
45%
Fire Away
43%
Cross Your Mind
40%
You And Me
39%
Since We're Alone
34%
Keine übereinstimmenden Quizze gefunden
Verteilung der Resultate
Anzahl Personen mit jedem Resultat
Perzentil nach korrekt beantworteten Fragen
Ihre Resultats-Entwicklung
Sie haben dieses Quiz noch nicht gespielt